000 00495nam a22001697a 4500
003 OSt
008 260504b |||||||| |||| 00| 0 eng d
082 _a633.1
_bM91S
100 _aMurthy, N. Radhakrishna
245 _aTo Study Potentiality of Bala & Cauvery Varities of Paddy under Different Seed rates & Row Spacings in the Chotanagpur Plateau of Bihar
260 _aPusa,
_bRAU
_c1973
300 _a106P.
502 _bMsc.
_d1973
650 _aAgronomy
650 _aMsc.
942 _2ddc
_cT
999 _c50400
_d50400